| 000 | 01164nam0a22003251 4500 | ||
|---|---|---|---|
| 001 | rc\3632709 | ||
| 005 | 20250610052926.0 | ||
| 021 |
_aRU _b74-92146 |
||
| 021 |
_aRU _bРг378-75 |
||
| 035 | _a(NLR Aleph) 007724241 | ||
| 090 |
_a6985214 _c6985214 |
||
| 100 | _a20130115d1974 |||y0rusy50 ca | ||
| 101 | 0 | _arus | |
| 102 | _aRU | ||
| 105 | _aa z ||||| | ||
| 200 | 1 | _aМетодика измерения активности урана-239 | |
| 210 |
_aОбнинск _cБ. и. _d1974 |
||
| 215 |
_a17 с. _cил. _d20 |
||
| 225 | 1 |
_aФизико-энергетический институт. [Препринт] _vФЭИ-501 |
|
| 300 | _aПеред загл. авт.: Э.Ф. Гарапов, А.Н. Грязнов, А.Н. Давлетшин [и др.] | ||
| 320 | _aБиблиогр.: с. 17 | ||
| 532 | 1 | 1 | _aМетодика измерения активности урана-двести тридцать девять |
| 701 | 1 |
_aГрязнов _bА.Н. |
|
| 701 | 1 |
_aГарапов _bЭ.Ф. |
|
| 701 | 1 |
_aДавлетшин _bА.Н. |
|
| 801 | 0 |
_aRU _bNLR _gpsbo |
|
| 801 | 1 |
_aRU _bELAR _2rusmarc |
|
| 852 |
_aNLR _j74-4/27026 |
||
| 942 | _cBOOK | ||
| 980 | _aNB | ||